Asalto al poder (Registro nro. 309518)

Detalles MARC
000 -ENCABEZADO
Número de control [NR] 01516cam a2200241Ii 4500
001 - NÚMERO DE CONTROL
control field ocn981170351
005 - FECHA Y HORA DE LA ÚLTIMA TRANSACCIÓN
control field 20180409090355.0
008 - DE LONGITUD FIJA DE DATOS DE ELEMENTOS - INFORMACIÓN GENERAL
Elementos de longitud fija [NR] 180409s2017 sp b 000 0 spa d
020 ## - NUMERO INTERNACIONAL NORMALIZADO PARA LIBROS [R]
Número Internacional Normalizado del libro [NR] 9788432318450
020 ## - NUMERO INTERNACIONAL NORMALIZADO PARA LIBROS [R]
Número Internacional Normalizado del libro [NR] 8432318450
035 ## - NUMERO DE CONTROL DEL SISTEMA [R]
Número de control del sistema [NR] (OCoLC)981170351
040 ## - FUENTE DE CATALOGACION [NR]
Agencia de catalogación original [NR] Co-BoUCM
Idioma de catalogación [NR] spa
Quien Cataloga Saul Niño
Quien Clasifica Saul Niño
-- Saul Niño
041 0# - CODIGO DE IDIOMA [R]
Código de idioma para texto/pista de sonido o título separado [R] Español
100 1# - ASIENTO PRINCIPAL--NOMBRE PERSONAL [NR]
Nombre personal [NR] González Calleja, Eduardo
ID Autoridad 91953
245 10 - MENCION DE TITULO [NR]
Título [NR] Asalto al poder
Parte restante del título [NR] la violencia política organizada y las ciencias sociales
Mención de responsabilidad, etc. [NR] Eduardo González Calleja
260 ## - PUBLICACION, DISTRIBUCION, ETC. (PIE DE IMPRENTA) [R]
Lugar de publicación, distribución, etc. [R] España
Nombre del editor, distribuidor, etc. [R] Siglo XXI de España
Fecha de publicación, distribución, etc. [R] 2017
300 ## - DESCRIPCION FISICA [R]
Extensión [R] 506 páginas
505 0# - NOTA DE CONTENIDO CON FORMATO PREESTABLECIDO [R]
Nota de contenido con formato preestablecido [NR] Introducción : actores, recursos y objetivos : una propuesta de clasificación de la violencia política subversiva -- La definición, caracterización y análisis de la violencia desde el punto de vista de las ciencias sociales -- "Bellum omnium contra omnes" : una reflexión general sobre el empleo deliberado de la fuerza en los conflictos políticos -- En las tinieblas de brumario : cuatro siglos de reflexión política sobre el golpe de estado -- El terrorismo : un ensayo de definición e interpretación -- La violencia insurgente : teorías de la guerilla rural y urbana -- La problemática de la guerra civil según las ciencias sociales -- La represión estatal como proceso de violencia política.
650 #7 - ASIENTO SECUNDARIO DE MATERIA - TERMINO TEMATICO [R]
Término temático o nombre geográfico como elemento de entrada [NR] Violencia política
Subdivisión general [R] Aspetos sociales
9 (RLIN) 26287
650 #7 - ASIENTO SECUNDARIO DE MATERIA - TERMINO TEMATICO [R]
Término temático o nombre geográfico como elemento de entrada [NR] Guerra civil
9 (RLIN) 16584
942 ## - ELEMENTOS DE ENTRADA AGREGADOS (KOHA)
Sistema de clasificación DEWEY
Tema principal Ciencia política
Tipo de ítem principal el descrito en 300a Libro
Edición 1
Clasificación 303.64
Parte restante de la signatura top. G643as
Existencias
Total préstamos Signatura topográfica Código de barras Última vez visto Ejemplar Costo de reposición Price effective from Tipo de ítem Perdido Sistema de clasificación Dañado No prestable Tipo de ítem específico Suprimido Ubicación habitual Ubicación actual Localización Fecha de creación Proveedor Forma de adquisición Costo Fecha de último préstamo Total Renewals
  303.64 G643as 100156969 09/12/2025 Ej.2 103895.00 04/04/2018 Libro   DEWEY     Libro   Claustro Claustro 2do piso 04/04/2018 37 Compra 103895.00    
4 303.64 G643as 100156968 09/12/2025 Ej.1 103895.00 04/04/2018 Libro   DEWEY     Libro   Claustro Claustro 2do piso 04/04/2018 37 Compra 103895.00 09/02/2022 1